MARC

LEADER 00000nam0a2200000 4500
001 165602
005 20250207133340.0
035 |a (RuTPU)RU\TPU\book\179643 
090 |a 165602 
100 |a 20090921d1961 m y0rusy50 ca 
101 0 |a rus 
102 |a RU 
105 |a a z 000zy 
200 1 |a Переработка газов  |e сборник переводов  |f Государственный научно-исследовательский институт научной и технической информации 
210 |a Москва  |d 1961  |c Госинти 
215 |a 12 с.  |c ил. 
225 1 |a Газовое дело 
610 1 |a нефтеперерабатывающая промышленность 
610 1 |a США 
610 1 |a нефтяной газ 
610 1 |a переработка 
675 |a 662.69  |v 3 
712 0 2 |a Государственный научно-исследовательский институт научной и технической информации  |c Москва  |c 1962-1981  |9 24504 
801 1 |a RU  |b 63413507  |c 20090921 
801 2 |a RU  |b 63413507  |c 20100916  |g RCR 
942 |c BK